000 00787nam a2200217 a 4500
005 20160311124342.0
008 140226b1996 waud fr||||i00| 0 eng d
040 _aCO-BoIAVH
_cCO-BoIAVH
041 0 _aeng
044 _axxu
082 0 4 _a333.709866
_bK29a
100 1 _aKellenberg, John
245 1 0 _aAccounting for natural resources in Ecuador :
_bcontrasting methodologies, conflicting results
260 _aWashington :
_bWorld Bank,
_c1996.
300 _aiii, 41 páginas :
_btablas, gráficas ;
_c28 x 22 centímetros
490 0 _aEnvironmental economics series ;
_v41
650 6 _aRecursos naturales
_zEcuador
650 6 _aBiodiversidad
_xusos tradicionales
_zEcuador
650 6 _aBiodiversidad
_xAspectos económicos
_zEcuador
942 _cLIBRO
_2ddc
999 _c1200
_d1200